书目信息 |
| 题名: |
减肥 长块 长高
|
|
| 作者: | 蔡宇之 编著 | |
| 分册: | ||
| 出版信息: | 北京 人民体育出版社 1999.02 |
|
| 页数: | 201页 | |
| 开本: | 32开 | |
| 丛书名: | ||
| 单 册: | ||
| 中图分类: | G883 | |
| 科图分类: | ||
| 主题词: | 体育 | |
| 电子资源: | ||
| ISBN: | 7-5009-1650-7 | |
| 000 | 00542nam0 2200193 45 | |
| 001 | 0010251871 | |
| 005 | 20001025182906.0 | |
| 010 | @a7-5009-1650-7@d9.00元 | |
| 100 | @a20001025d1999 km y0chiy0120 ea | |
| 101 | 0 | @achi |
| 105 | @a z 000yy | |
| 200 | 1 | @a减肥 长块 长高@AJian Fei Chang Kuai Chang Gao@f蔡宇之编著@FCai Yu Zhi Bian Zhu |
| 210 | @a北京@c人民体育出版社@d1999.02 | |
| 215 | @a201页@d32开 | |
| 606 | 0 | @a体育 |
| 690 | @aG883@v3 | |
| 701 | 0 | @a蔡宇之@4编著 |
| 801 | @aCN@bPftUser@c20001025 | |
| 905 | @b188629-631@dG883@eC981@f3 | |
| 减肥 长块 长高/蔡宇之编著.-北京:人民体育出版社,1999.02 |
| 201页;32开 |
| ISBN 7-5009-1650-7:9.00元 |
| ● |
| 相关链接 |
|
|
|
正题名:减肥长块长高
索取号:G883/C981
 
预约/预借
| 序号 | 登录号 | 条形码 | 馆藏地/架位号 | 状态 | 备注 |
| 1 | 188629 | 201886290 | 社科二线422/409社科库 27排1列3层/ [索取号:G883/C981] | 在馆 | |
| 2 | 188630 | 201886307 | 社科库409/409社科库 27排1列2层/ [索取号:G883/C981] | 在馆 | |
| 3 | 188631 | 201886316 | 社科二线422/422社科库 31排4列4层/ [索取号:G883/C981] | 在馆 |